MARC details
| 000 -CABECERA |
| campo de control de longitud fija |
03266nam a2200529 i 4500 |
| 003 - IDENTIFICADOR DEL NÚMERO DE CONTROL |
| campo de control |
DO-SdBNP |
| 005 - FECHA Y HORA DE LA ÚLTIMA TRANSACCIÓN |
| campo de control |
20251009103211.0 |
| 007 - CAMPO FIJO DE DESCRIPCIÓN FÍSICA--INFORMACIÓN GENERAL |
| campo de control de longitud fija |
ta |
| 008 - DATOS DE LONGITUD FIJA--INFORMACIÓN GENERAL |
| campo de control de longitud fija |
110301s2021 dr ao 000 0 spa d |
| 020 ## - NÚMERO INTERNACIONAL ESTÁNDAR DEL LIBRO |
| Número Internacional Estándar del Libro |
9789945931600 |
| 040 ## - FUENTE DE LA CATALOGACIÓN |
| Centro catalogador/agencia de origen |
DO-SdBNP |
| Lengua de catalogación |
spa |
| Centro/agencia transcriptor |
BNPHU |
| Normas de descripción |
rda |
| 082 #4 - NÚMERO DE LA CLASIFICACIÓN DECIMAL DEWEY |
| Número de clasificación |
338.477 |
| Número de documento/Ítem |
D671c |
| Número de edición |
22 |
| 245 00 - MENCIÓN DE TÍTULO |
| Título |
Dominicana creativa : |
| Resto del título |
talento en la economía naranja = talent in the orange economy = talent dans l´economie orange / |
| Mención de responsabilidad, etc. |
María Amalia León ... [et al.] ; presentación Christopher Paniagua ; edición Victor Siladi ; traducción al inglés, Amanda Livoti ; traducción al francés, Mayra C. Pichardo ; prólogo Julio Sánchez Maríñez |
| 246 33 - FORMA VARIANTE DE TÍTULO |
| Título propio/Titulo breve |
Dominicana creativa : |
| Resto del título |
talent in the orange economy |
| 246 33 - FORMA VARIANTE DE TÍTULO |
| Título propio/Titulo breve |
Dominicana creativa : |
| Resto del título |
talent dans l´economie orange |
| 264 ## - PRODUCCIÓN, PUBLICACIÓN, DISTRIBUCIÓN, FABRICACIÓN Y COPYRIGHT |
| Producción, publicación, distribución, fabricación y copyright |
Santo Domingo : |
| Nombre del de productor, editor, distribuidor, fabricante |
Banco Popular, |
| Fecha de producción, publicación, distribución, fabricación o copyright |
2019. |
| 300 ## - DESCRIPCIÓN FÍSICA |
| Extensión |
450 páginas : |
| Otras características físicas |
ilustraciones y fotos ; |
| Dimensiones |
32 cm. |
| 336 ## - TIPO DE CONTENIDO |
| Término de tipo de contenido |
texto |
| Fuente |
rdacontent |
| Código de tipo de contenido |
txt |
| 337 ## - TIPO DE MEDIO |
| Fuente |
rdamedia |
| Nombre/término del tipo de medio |
sin mediación |
| Código del tipo de medio |
nc |
| 338 ## - TIPO DE SOPORTE |
| Fuente |
rdacarrier |
| Nombre/término del tipo de soporte |
volumen |
| Código del tipo de soporte |
nc |
| 500 ## - NOTA GENERAL |
| Nota general |
Libro en español, ingles y francés. |
| 505 0# - NOTA DE CONTENIDO CON FORMATO |
| Nota de contenido con formato |
Presentación / |
| Mención de responsabilidad |
Chistopher Paniagua-- |
| Información miscelánea |
Ministerio de Industria, Comercio y Mipymes (MICM) / |
| Mención de responsabilidad |
Víctor Orlando Bisonó Haza -- |
| Información miscelánea |
Prólogo / |
| Mención de responsabilidad |
Julio Sánchez Maríñez -- |
| Información miscelánea |
Introducción / |
| Mención de responsabilidad |
Manuel García Arévalo -- |
| Información miscelánea |
Cinematografía-- |
| Título |
El cine: vida y refugio en cada tormenta / |
| Mención de responsabilidad |
Albert Martínez Martín -- |
| Información miscelánea |
Arquitectura -- |
| Título |
el color naranja: urbanismo y arquitectura / |
| Mención de responsabilidad |
Juan Mubarak -- |
| Información miscelánea |
Moda -- |
| Título |
La moda: pasión y legado de Jenny Polanco / |
| Mención de responsabilidad |
Carla Quiñones Polanco / |
| Información miscelánea |
Gestión cultural -- |
| Título |
Acompañar y exponer la cultura / |
| Mención de responsabilidad |
María Amalia León-- |
| Información miscelánea |
Diseño -- |
| Título |
Los cimientos de una fuerza cultural y creativa // |
| Mención de responsabilidad |
Dominique Bluhdorn, Stephen Kaplan -- |
| Información miscelánea |
Artesanía -- |
| Título |
La artesanía en su tiempo promisorio / |
| Mención de responsabilidad |
Ignacio Nova -- |
| Información miscelánea |
Gastronomía -- |
| Título |
Gastronomía: pasión, deleite y cultura / |
| Mención de responsabilidad |
María Marte-- |
| Información miscelánea |
Audiovisuales -- |
| Título |
La radio y la televisión: una red de talentos / |
| Mención de responsabilidad |
Edilenia Tactuk / |
| Información miscelánea |
Publicidad -- |
| Título |
Publicidad y branding / |
| Mención de responsabilidad |
Felipe Pagés / |
| Información miscelánea |
Tecnología -- |
| Título |
Economía naranja potenciada por la tecnología / |
| Mención de responsabilidad |
José Armando Tavarez . |
| 590 ## - NOTA LOCAL (RLIN) |
| Nota local |
Inventariado, 2022/ YL |
| 650 #4 - PUNTO DE ACCESO ADICIONAL DE MATERIA--TÉRMINO DE MATERIA |
| Término de materia o nombre geográfico como elemento de entrada |
Arte |
| Subdivisión general |
Aspectos economicos |
| Subdivisión geográfica |
República Dominicana |
| 9 (RLIN) |
82904 |
| 650 #4 - PUNTO DE ACCESO ADICIONAL DE MATERIA--TÉRMINO DE MATERIA |
| Término de materia o nombre geográfico como elemento de entrada |
Economía creativa |
| 9 (RLIN) |
82905 |
| 650 #4 - PUNTO DE ACCESO ADICIONAL DE MATERIA--TÉRMINO DE MATERIA |
| Término de materia o nombre geográfico como elemento de entrada |
Industria cultural |
| Subdivisión general |
Aspectos económicos |
| Subdivisión geográfica |
República Dominicana |
| 9 (RLIN) |
82906 |
| 650 #4 - PUNTO DE ACCESO ADICIONAL DE MATERIA--TÉRMINO DE MATERIA |
| Término de materia o nombre geográfico como elemento de entrada |
Cultura |
| Subdivisión general |
Aspectos económicos |
| 9 (RLIN) |
83792 |
| 700 1# - PUNTO DE ACCESO ADICIONAL--NOMBRE DE PERSONA |
| Nombre de persona |
Siladi, Víctor |
| Término indicativo de función/relación |
ed. |
| 9 (RLIN) |
73802 |
| 700 1# - PUNTO DE ACCESO ADICIONAL--NOMBRE DE PERSONA |
| Nombre de persona |
Paniagua, Christopher |
| Término indicativo de función/relación |
pres. |
| 9 (RLIN) |
82907 |
| 700 1# - PUNTO DE ACCESO ADICIONAL--NOMBRE DE PERSONA |
| Nombre de persona |
Sánchez Maríñez, Julio |
| Término indicativo de función/relación |
prol. |
| 9 (RLIN) |
1591 |
| 700 1# - PUNTO DE ACCESO ADICIONAL--NOMBRE DE PERSONA |
| Nombre de persona |
García Arévalo, Manuel |
| Término indicativo de función/relación |
intr. |
| 9 (RLIN) |
82908 |
| 700 12 - PUNTO DE ACCESO ADICIONAL--NOMBRE DE PERSONA |
| Nombre de persona |
Livoti, Amanda |
| Término indicativo de función/relación |
trad. |
| 9 (RLIN) |
82909 |
| 700 1# - PUNTO DE ACCESO ADICIONAL--NOMBRE DE PERSONA |
| Nombre de persona |
Pichardo, Mayra C. |
| Término indicativo de función/relación |
trad. |
| 9 (RLIN) |
82910 |
| 700 1# - PUNTO DE ACCESO ADICIONAL--NOMBRE DE PERSONA |
| Nombre de persona |
Martínez Martin, Albert |
| 9 (RLIN) |
82911 |
| 700 1# - PUNTO DE ACCESO ADICIONAL--NOMBRE DE PERSONA |
| Nombre de persona |
Mubarak, Juan |
| 9 (RLIN) |
76030 |
| 700 1# - PUNTO DE ACCESO ADICIONAL--NOMBRE DE PERSONA |
| Nombre de persona |
Quiñones Polanco, Carla |
| 9 (RLIN) |
82912 |
| 700 1# - PUNTO DE ACCESO ADICIONAL--NOMBRE DE PERSONA |
| Nombre de persona |
León, María Amalia |
| 9 (RLIN) |
57578 |
| 700 1# - PUNTO DE ACCESO ADICIONAL--NOMBRE DE PERSONA |
| Nombre de persona |
Bluhdorn, Dominique |
| 9 (RLIN) |
82913 |
| 700 1# - PUNTO DE ACCESO ADICIONAL--NOMBRE DE PERSONA |
| Nombre de persona |
Kaplan, Stephen |
| 9 (RLIN) |
82914 |
| 700 1# - PUNTO DE ACCESO ADICIONAL--NOMBRE DE PERSONA |
| Nombre de persona |
Nova, Ignacio |
| 9 (RLIN) |
55088 |
| 700 1# - PUNTO DE ACCESO ADICIONAL--NOMBRE DE PERSONA |
| Nombre de persona |
Marte, María |
| 9 (RLIN) |
82915 |
| 700 1# - PUNTO DE ACCESO ADICIONAL--NOMBRE DE PERSONA |
| Nombre de persona |
Tactuk, Edilenia |
| 9 (RLIN) |
82916 |
| 700 1# - PUNTO DE ACCESO ADICIONAL--NOMBRE DE PERSONA |
| Nombre de persona |
Pagés, Felipe |
| 9 (RLIN) |
75517 |
| 700 1# - PUNTO DE ACCESO ADICIONAL--NOMBRE DE PERSONA |
| Nombre de persona |
Tavarez, José Armando |
| 9 (RLIN) |
82917 |
| 910 ## - DATOS DE OPCIÓN DEL USUARIO (OCLC) |
| Datos de opción del usuario |
YLockward. Validado. Control de calidad/MAA |
| 942 ## - ELEMENTOS DE PUNTO DE ACCESO ADICIONAL (KOHA) |
| Fuente del sistema de clasificación o colocación |
Dewey Decimal Classification |
| Tipo de ítem Koha |
Libro |